000
00284nam a2200133Ia 4500
100
_a
Window Magazine
942
_c
BK
654
_a
Windows
245
_a
Encyclopedia for Windows
260
_b
Galgotia
_a
New Delhi
_c
1993
082
_a
5.1303
_b
EDP
546
_a
ENGLISH
999
_c
17910
_d
17910